00413nam a2200157Ia 4500008004100000082002000041100002200061245003000083250000600113260002400119300000800143600002200151630003000173700002200203730003000225151018s9999 xx 000 0 und d bRBASDV1797a824 aWaldo Trine Ralph aIn Tune with the infinite b1 bg.bell & sonsc1937 a226 aWaldo Trine Ralph aIn Tune with the infinite aWaldo Trine Ralph aIn Tune with the infinite